000
00300nam a2200097Ia 4500
082
_a
J 591.53 SETF
245
0
_a
Predator : animals with the skill to kill
100
_a
SETFORD, Steve New York, 2003 1st American ed
_9
99393
942
_c
BK
008
210817s9999 xx 000 0 und d
999
_c
421859
_d
421858